[Event "XingQiu Open"]
[Site "Lishui CHN"]
[Date "2009.09.23"]
[Round "7"]
[White "Gu Xiaobing"]
[Black "Yu Lie"]
[Result "1-0"]
[WhiteElo "2339"]
[BlackElo "2328"]

1.e4 c5 2.Nf3 Nc6 3.Bb5 e6 4.O-O Nge7 5.c3 a6 6.Ba4 b5 7.Bc2 Bb7 8.Qe2 d5
9.e5 d4 10.Be4 Nd5 11.d3 Be7 12.c4 bxc4 13.dxc4 Nb6 14.Ne1 Qc7 15.Nd2 Nd7
16.Nd3 Nb4 17.Nf3 Bxe4 18.Qxe4 Qc6 19.Qe2 Nxd3 20.Qxd3 f5 21.exf6 gxf6 22.Re1 Kf7
23.Bf4 Bd6 24.Bxd6 Qxd6 25.Re4 Rab8 26.b3 Rhg8 27.Rae1 Nf8 28.Nh4 Rb6 29.g3 Rg7
30.Qf3 Rg5 31.Ng2 Qd7 32.Nf4 Rf5 33.g4 Rg5 34.h4 Rg8 35.Nd3 Qd6 36.g5 f5
37.Re5 h6 38.Qh5+ Ng6 39.Nf4 d3 40.Rxe6 d2 41.Re7+ Qxe7 42.Rxe7+ Kxe7 43.Nd5+ Kf7
44.Kh2 Re8 45.gxh6 Re1 46.Qxf5+ Ke8 47.Qc8+ Kf7 48.Qc7+ Ke8 49.Qc8+ Kf7 50.Qd7+ Ne7
51.Ne3 Rxh6 52.Qxd2 Rxh4+ 53.Kg2 Reh1 54.Ng4 Rh5 55.Qf4+ Nf5 56.Nh6+ Rxh6
57.Qxf5+ Ke8 58.Qxc5 R1h2+ 59.Kf1 Rh1+ 60.Ke2 Re6+ 61.Kd2 Rhe1 62.Qh5+ Ke7
63.f4 Rf1 64.Qg5+ Kf7 65.c5 Rf2+ 66.Kd3 Rxa2 67.Qd5 Kf6 68.c6 Rh2 69.c7 Rh3+
70.Kd4 Rh8 71.Qd8+  1-0

[Event "Inventi GM"]
[Site "Antwerp BEL"]
[Date "2009.09.24"]
[Round "7"]
[White "Socko,B"]
[Black "Michiels,B"]
[Result "1-0"]
[WhiteElo "2637"]
[BlackElo "2462"]

1.e4 c5 2.Nf3 Nc6 3.Bb5 g6 4.Bxc6 dxc6 5.d3 Bg7 6.h3 Nf6 7.Nc3 Nd7 8.Be3 e5
9.Qd2 h6 10.O-O Qe7 11.Nh2 Nf8 12.f4 exf4 13.Bxf4 g5 14.Be3 Be6 15.Qf2 Nd7
16.a4 O-O 17.g4 b6 18.Rae1 Ne5 19.Ne2 Ng6 20.Ng3 Bxb2 21.Nf5 Bxf5 22.gxf5 Ne5
23.Rb1 Bd4 24.Bxd4 cxd4 25.f6 Qd7 26.Qg3 Ng6 27.Rf5 Kh7 28.Nf3 Rg8 29.Kf2 Nf4
30.Rh1 Ne6 31.Qg4 Qd6 32.h4 gxh4 33.Qxh4 Rg6 34.Ne5 Qf8 35.Rh5  1-0

[Event "TCh-ISL 2009-10"]
[Site "Rekjavik ISL"]
[Date "2009.09.25"]
[Round "1"]
[White "Thorvaldsson,A"]
[Black "Danielsen,Hen"]
[Result "0-1"]
[WhiteElo "1983"]
[BlackElo "2473"]

1.e4 c5 2.Nf3 Nc6 3.Bb5 g6 4.O-O Bg7 5.c3 e5 6.d4 cxd4 7.cxd4 exd4 8.Bf4 Nge7
9.Bd6 O-O 10.Na3 a6 11.Bc4 b5 12.Bd5 h6 13.Nc2 Re8 14.Ncxd4 Nxd5 15.exd5 Nxd4  0-1

[Event "TCh-ROU Superliga"]
[Site "Eforie Nord ROU"]
[Date "2009.09.27"]
[Round "9"]
[White "Corlatescu,D"]
[Black "Georgescu,T"]
[Result "0-1"]
[WhiteElo "2199"]
[BlackElo "2388"]

1.e4 c5 2.Nf3 Nc6 3.Bb5 g6 4.Bxc6 bxc6 5.d3 Bg7 6.O-O d6 7.Ne1 Rb8 8.c3 f5
9.f4 Nf6 10.Qc2 c4 11.e5 dxe5 12.fxe5 cxd3 13.Qxd3 Ng4 14.Qxd8+ Kxd8 15.Nd3 Ba6
16.Rd1 Bxd3 17.Rxd3+ Kc7 18.e6 Rbd8 19.Bf4+ Be5 20.Bxe5+ Nxe5 21.Rxd8 Rxd8
22.Na3 Rd2 23.Re1 Nd3 24.Nc4 Rxg2+ 25.Kxg2 Nxe1+ 26.Kf2 Nd3+ 27.Ke3 Nc5 28.Kd4 Nxe6+
29.Ke5 Ng5 30.b4 Kd7 31.Kd4 Nf3+ 32.Kc5 e5 33.a4 e4 34.b5 cxb5 35.axb5 f4
36.b6 axb6+ 37.Nxb6+ Ke6 38.Kc4 g5  0-1

[Event "74th ch-ESP Absoluto"]
[Site "Palma de Mallorca ESP"]
[Date "2009.10.03"]
[Round "8"]
[White "Fernandez Siles,L"]
[Black "Teran Alvarez,I"]
[Result "1-0"]
[WhiteElo "2334"]
[BlackElo "2432"]

1.e4 c5 2.Nf3 Nc6 3.Bb5 e6 4.O-O Nge7 5.Re1 a6 6.Bxc6 Nxc6 7.d4 cxd4 8.Nxd4 Qc7
9.Nxc6 bxc6 10.e5 c5 11.Nd2 Bb7 12.Nc4 Bd5 13.Nd6+ Bxd6 14.Qxd5  1-0

[Event "Arco Open A"]
[Site "Arco ITA"]
[Date "2009.10.17"]
[Round "1"]
[White "Roversi,S"]
[Black "Maurer,F"]
[Result "0-1"]
[WhiteElo "1824"]
[BlackElo "2081"]

1.e4 c5 2.Nf3 Nc6 3.Bb5 g6 4.O-O Bg7 5.c3 Nf6 6.e5 Nd5 7.d4 cxd4 8.cxd4 O-O
9.Nc3 Nxc3 10.bxc3 d6 11.Bf4 dxe5 12.Nxe5 Nxe5 13.Bxe5 Bxe5 14.dxe5 Qc7 15.Qd4 Rd8
16.Qe3 Be6 17.f4 a6 18.Be2 Rac8 19.Bf3 Bd5 20.Rfd1 Bxf3 21.Rxd8+ Rxd8 22.Qxf3 Rd2
23.Qe3 Rc2 24.Qd4 Rxc3 25.Rd1 b5 26.Qd8+ Kg7 27.Qxc7 Rxc7 28.Rd2 g5 29.f5 Rc5
30.f6+ exf6 31.exf6+ Kxf6 32.h4 Rc6 33.hxg5+ Kxg5 34.Rd5+ Kf6  0-1

[Event "Unive Open"]
[Site "Hoogeveen NED"]
[Date "2009.10.18"]
[Round "3"]
[White "Kasparov,S"]
[Black "Van Oosterom,C"]
[Result "1/2-1/2"]
[WhiteElo "2488"]
[BlackElo "2386"]

1.e4 c5 2.Nf3 Nc6 3.Bb5 Nf6 4.Qe2 g6 5.O-O Bg7 6.d3 O-O 7.c3 d6 8.Nbd2 e5
9.Rd1 Qc7 10.Nf1 a6 11.Ba4 d5 12.Bg5 b5 13.Bxf6 Bxf6 14.exd5 bxa4 15.dxc6 Re8
16.Qe4 a3 17.b3 Bf5 18.Qd5 e4 19.dxe4 Bxe4 20.Qxc5 Bxf3 21.gxf3 Rac8 22.Rac1 Qf4
23.Kg2 Re2 24.Qxa3 Rxc6 25.Ng3 Be7 26.Qa5 Re5 27.Qa4 Qxa4 28.bxa4 Ra5 29.Rd4 Bf6
30.Rb4 Rxc3 31.Rxc3 Bxc3 32.Rc4 Bb2 33.Ne4 Kg7 34.Nc5 Ba3 35.Nb3 Rg5+ 36.Kf1 Rh5
37.a5 Rxh2 38.Rc6 Rh1+ 39.Kg2 Rb1 40.Rxa6 Rb2 41.Rc6 Rxa2 42.a6 Bb4 43.Nd4 Be1
44.Kf1 Bxf2 45.Rc2 Rxc2 46.Nxc2  1/2-1/2

[Event "Unive Open"]
[Site "Hoogeveen NED"]
[Date "2009.10.22"]
[Round "7"]
[White "Vedder,H"]
[Black "Van Oosterom,C"]
[Result "1-0"]
[WhiteElo "2364"]
[BlackElo "2386"]

1.e4 c5 2.Nf3 Nc6 3.Bb5 Nf6 4.e5 Nd5 5.Nc3 Nc7 6.Bxc6 dxc6 7.d3 Bf5 8.Be3 e6
9.Bg5 f6 10.Bh4 Nd5 11.Qd2 Be7 12.Ne4 c4 13.exf6 gxf6 14.O-O cxd3 15.Qxd3 Rg8
16.Bg3 Rg4 17.Rfe1 Nb4 18.Nxf6+ Kf8 19.Qxd8+ Rxd8 20.Nxg4 Bxg4 21.Rad1 Nxc2
22.Rxd8+ Bxd8 23.Re4 Bf5 24.Rc4 Bf6 25.Be5 Be7 26.Nd4 Nxd4 27.Bxd4  1-0

[Event "17th TCh-Eur"]
[Site "Novi Sad SRB"]
[Date "2009.10.22"]
[Round "1"]
[White "Lopez Martinez,Josep"]
[Black "Cmilyte,V"]
[Result "1-0"]
[WhiteElo "2570"]
[BlackElo "2477"]

1.e4 c5 2.Nf3 Nc6 3.Bb5 Nf6 4.Bxc6 dxc6 5.d3 Bg4 6.h3 Bxf3 7.Qxf3 e5 8.Qg3 Qd6
9.Nd2 Nd7 10.Nc4 Qg6 11.Qg4 Qxg4 12.hxg4 Be7 13.g5 O-O-O 14.Be3 f6 15.gxf6 gxf6
16.Rh5 Rdg8 17.g3 Rg6 18.b3 Kc7 19.Ke2 Nf8 20.Rah1 b6 21.Nd2 Rg7 22.Bh6 Rf7
23.Bxf8 Bxf8 24.Nf3 Bd6 25.Nh4 Rd8 26.Nf5 Rdd7 27.Nh6 Rg7 28.Kf3 b5 29.Ng4 Rdf7
30.Ne3 Rd7 31.R1h4 Rgf7 32.Rg4 Bf8 33.Rg8 Kb6 34.Ke2 a5 35.Rf5 Bg7 36.Re8 Ra7
37.Re6 c4 38.dxc4 Kc5 39.cxb5 cxb5 40.Nd5 Kd4  1-0

[Event "8th TCh-Eur w"]
[Site "Novi Sad SRB"]
[Date "2009.10.22"]
[Round "1"]
[White "Makropoulou,M"]
[Black "Soylemez,C"]
[Result "1/2-1/2"]
[WhiteElo "2288"]
[BlackElo "1907"]

1.e4 c5 2.Nf3 Nc6 3.Bb5 d6 4.c3 Bd7 5.d4 cxd4 6.cxd4 a6 7.Bxc6 Bxc6 8.d5 Bd7
9.O-O Nf6 10.Nc3 g6 11.Be3 Bg7 12.Qd2 O-O 13.Bh6 Bg4 14.Bxg7 Kxg7 15.Nd4 Rc8
16.Kh1 e5 17.dxe6 Bxe6 18.f4 Bc4 19.Rf3 b5 20.b3 b4 21.bxc4 bxc3 22.Qxc3 Kg8
23.Qd3 Re8 24.Re1 Qa5 25.Rff1 Qc5 26.e5 dxe5 27.fxe5 Rxe5 28.Rxe5 Qxe5 29.Nf3 Qc5
30.h3 Qxc4 31.Qxc4 Rxc4 32.Ne5 Re4 33.Rxf6 Rxe5 34.Rxa6 Re1+ 35.Kh2 Ra1 36.Kg3 Kg7
37.h4 h6 38.Kf3 g5 39.hxg5 hxg5 40.Kg4 f6 41.g3 Kg6 42.Kf3 Kf5 43.Ra5+ Ke6
44.Kg4 Re1 45.Ra3 Rf1 46.Ra7 Rd1 47.Ra6+ Ke5 48.Ra8 Rd4+ 49.Kh5 Rd3 50.Ra5+ Ke4
51.g4 Rf3 52.Ra6 Rf4 53.Ra4+ Ke3 54.Ra3+ Ke4 55.Rb3 Rf2 56.a4 Ra2 57.Rb4+ Ke5
58.Kg6 Ra3 59.Rb5+ Ke6 60.Rb6+ Ke7 61.Rb7+ Ke6 62.Rb6+ Ke7 63.Ra6 Ra1 64.Ra7+ Ke6
65.Ra6+ Ke7 66.Ra7+ Ke6 67.Ra8 Ke5 68.Ra5+ Ke6 69.Rf5 Rxa4 70.Rxf6+ Ke7 71.Kxg5 Rxg4+
72.Kxg4 Kxf6  1/2-1/2

[Event "17th TCh-Eur"]
[Site "Novi Sad SRB"]
[Date "2009.10.22"]
[Round "1"]
[White "Pikula,D"]
[Black "Halkias,S"]
[Result "1/2-1/2"]
[WhiteElo "2562"]
[BlackElo "2570"]

1.e4 c5 2.Nf3 Nc6 3.Bb5 d6 4.O-O Bd7 5.c3 Nf6 6.Re1 a6 7.Ba4 c4 8.Bc2 Ng4
9.b3 b5 10.a4 Nce5 11.h3 Nxf3+ 12.Qxf3 Ne5 13.Qe2 g5 14.axb5 axb5 15.Rxa8 Qxa8
16.d4 cxd3 17.Bxd3 Qc6 18.Bxg5 Rg8 19.Bf4 Bg7 20.Bg3 Bf6 21.Kh1 h5 22.Bxe5 Bxe5
23.c4  1/2-1/2

[Event "WJun"]
[Site "Puerto Madryn ARG"]
[Date "2009.10.22"]
[Round "1"]
[White "Yilmaz,M"]
[Black "Ocampos,I"]
[Result "1-0"]
[WhiteElo "2475"]
[BlackElo "2047"]

1.e4 c5 2.Nf3 Nc6 3.Bb5 d6 4.O-O Bd7 5.Re1 g6 6.c3 Bg7 7.d4 cxd4 8.cxd4 Qb6
9.Nc3 a6 10.Bxc6 bxc6 11.e5 d5 12.Na4 Qc7 13.Nc5 e6 14.b3 Ne7 15.Ba3 Bc8
16.Na4 h5 17.Bd6 Qd8 18.Rc1 Bd7 19.Rc3 Nf5 20.Ba3 g5 21.Qd3 g4 22.Nd2 h4
23.Nf1 Qg5 24.Nb6 Ra7 25.Bc5 Bf8 26.Nxd7 Rxd7 27.Bxf8 Kxf8 28.Rxc6 Kg7 29.Rd1 Rh6
30.Qd2 Qg6 31.Qf4 Rh5 32.Rdc1 Rg5 33.R1c3 g3 34.h3 gxf2+ 35.Qxf2 Nxd4 36.Qxd4 Rxg2+
37.Kh1 Rb7 38.a3 Ra2 39.Qg1 Rxa3 40.Nd2 Rb4 41.Rc1 a5 42.Qf2 Qh6 43.Rg1+ Kf8
44.Qc5+ Ke8 45.Rg8+  1-0

[Event "Chigorin Mem Open"]
[Site "St Petersburg RUS"]
[Date "2009.10.22"]
[Round "7"]
[White "Dolzhikova,K"]
[Black "Malakhov,I"]
[Result "1-0"]
[WhiteElo "2272"]
[BlackElo "2414"]

1.e4 c5 2.Nf3 Nc6 3.Bb5 e6 4.Bxc6 bxc6 5.d3 Ne7 6.Qe2 Ng6 7.e5 f6 8.b3 fxe5
9.Nxe5 Nxe5 10.Qxe5 Qf6 11.Bb2 Qxe5+ 12.Bxe5 d6 13.Bb2 Be7 14.Nc3 O-O 15.f3 e5
16.O-O Rf7 17.Rae1 g5 18.g4 Be6 19.Ne4 Raf8 20.Kg2 h6 21.h3 Bd5 22.Re3 Be6
23.Rfe1 Bc8 24.Ng3 Bd8 25.Ne4 Be7 26.Ng3 Kh7 27.a4 Kg6 28.Bc3 Bd8 29.Rf1 Bc7
30.Ree1 Be6 31.Ne4 Bc8 32.Re2 Re8 33.Be1 Ref8 34.Bc3 Rh7 35.Bd2 Be6 36.Ree1 Rd7
37.Rh1 Bd8 38.Ng3 Rdf7 39.Rhf1 Bc8 40.Bc3 a6 41.Ne4 Be7 42.Ng3 Re8 43.Re2 Bf8
44.Rfe1 Be6 45.Rh1 Be7 46.Rhe1 Bd5 47.Re3 Ref8 48.Nf5 h5 49.Rf1 Rxf5 50.gxf5+ Rxf5
51.Kg1 Bf8 52.Bd2 Bh6 53.c4 Be6 54.Re2 Rf8 55.Kh2 Bf5 56.Rg2 Bxd3 57.Rfg1 Rxf3
58.Bxg5 Bxg5 59.Rxg5+ Kf6 60.Rxh5 e4 61.Rh6+ Ke5 62.Rg5+ Kf4 63.h4 Rf2+ 64.Rg2 Rxg2+
65.Kxg2 d5 66.Rxc6 d4 67.Rxc5 e3 68.Rc8 Be4+ 69.Kf1 d3 70.Rf8+ Kg3 71.Rd8 d2
72.Ke2 Bf3+ 73.Kxe3 d1=Q 74.Rxd1 Bxd1 75.b4 Kxh4 76.b5 Bxa4 77.bxa6 Kg5 78.Kd4 Bc6
79.Ke5 Kg6 80.Kd6  1-0

[Event "WJun"]
[Site "Puerto Madryn ARG"]
[Date "2009.10.23"]
[Round "2"]
[White "Diamant,A"]
[Black "Gallego Alcaraz,A"]
[Result "1-0"]
[WhiteElo "2526"]
[BlackElo "2404"]

1.e4 c5 2.Nf3 Nc6 3.Bb5 e6 4.O-O Nge7 5.c3 a6 6.Ba4 b5 7.Bc2 Bb7 8.Re1 d5
9.e5 d4 10.Be4 Nd5 11.d3 dxc3 12.bxc3 Be7 13.c4 Nb6 14.Nc3 b4 15.Ne2 O-O
16.Ng3 Nd7 17.Nh5 f5 18.exf6 Nxf6 19.Bxc6 Bxc6 20.Nf4 Qb8 21.Nxe6 Re8 22.d4 cxd4
23.Nfxd4 Be4 24.Bf4 Bd6 25.Bxd6 Qxd6 26.Nxg7 Red8 27.Nge6 Re8 28.Rxe4  1-0

[Event "Chigorin Mem Open"]
[Site "St Petersburg RUS"]
[Date "2009.10.23"]
[Round "8"]
[White "Kashtanov,R"]
[Black "Zinchenko,Ya"]
[Result "1-0"]
[WhiteElo "2343"]
[BlackElo "2539"]

1.e4 c5 2.Nf3 Nc6 3.Bb5 e6 4.O-O Nge7 5.c3 a6 6.Ba4 b5 7.Bc2 Bb7 8.Re1 Ng6
9.a4 b4 10.d4 bxc3 11.d5 cxb2 12.Bxb2 Nb4 13.Bb3 Be7 14.Bxg7 Rg8 15.Bh6 Bf6
16.Ra3 Ne5 17.Nbd2 Ng4 18.Bf4 Nd3 19.Bg3 Nxe1 20.Qxe1 Bc3 21.Qe2 Bxd2 22.Nxd2 Qg5
23.h4 Qh6 24.Nc4 e5 25.Bd1 a5 26.f3 Nf6 27.Nd6+ Kf8 28.Bxe5 Ba6 29.Qf2 Qg6
30.g4 Ne8 31.Qxc5 Nxd6 32.Bxd6+ Ke8 33.Rc3 Qf6 34.g5 h6 35.f4 hxg5 36.hxg5 Qh8
37.Be2 Bb7 38.Rb3 Qa1+ 39.Kg2 Qa2 40.Re3 Qxa4 41.Qc3 Kd8 42.Qc7+ Ke8 43.Qxb7 Rd8
44.Qb2  1-0

[Event "17th TCh-Eur"]
[Site "Novi Sad SRB"]
[Date "2009.10.24"]
[Round "3"]
[White "Pikula,D"]
[Black "Agopov,M"]
[Result "1-0"]
[WhiteElo "2562"]
[BlackElo "2452"]

1.e4 c5 2.Nf3 Nc6 3.Bb5 d6 4.O-O Bd7 5.c3 Nf6 6.Re1 a6 7.Ba4 b5 8.Bc2 Bg4
9.d3 e6 10.Nbd2 Be7 11.h3 Bh5 12.Nf1 O-O 13.Ng3 Bg6 14.Nh4 d5 15.Nxg6 hxg6
16.f4 d4 17.a3 Qc7 18.e5 Nd5 19.c4 bxc4 20.dxc4 Nb6 21.Bd3 Bh4 22.Kh2 a5
23.Qg4 Bxg3+ 24.Kxg3 Nc8 25.h4 N8e7 26.h5 Nf5+ 27.Kf2 gxh5 28.Qxh5 g6 29.Qf3 Rab8
30.Be4 Nce7 31.Rh1 Kg7 32.g4 Ne3 33.Bxe3 dxe3+ 34.Qxe3 Rxb2+ 35.Kg1 Rd8 36.Qh3 Ng8
37.Qh8+ Kf8 38.Rh7  1-0

[Event "24th GP Open A"]
[Site "Le Touquet FRA"]
[Date "2009.10.25"]
[Round "2"]
[White "Grover,S"]
[Black "Ikonnikov,Vy"]
[Result "1-0"]
[WhiteElo "2288"]
[BlackElo "2558"]

1.e4 c5 2.Nf3 Nc6 3.Bb5 g6 4.Bxc6 dxc6 5.d3 Bg7 6.h3 b6 7.Nc3 Nh6 8.Be3 f6
9.Qd2 Nf7 10.O-O-O e5 11.Nh2 Be6 12.f4 Qe7 13.Nf3 O-O-O 14.g4 exf4 15.Bxf4 g5
16.Be3 h5 17.Qg2 Ne5 18.gxh5 Rxh5 19.d4 Nc4 20.Bf2 cxd4 21.Nxd4 Qb4 22.Nb3 Rxd1+
23.Nxd1 g4 24.hxg4 Bh6+ 25.Kb1 Nd2+ 26.Ka1 Nxb3+ 27.axb3 Ra5+ 28.Kb1 Qd2
29.g5 Bxg5 30.Nc3 Kb7 31.b4 Re5 32.Rd1 Qf4 33.Bd4 Qg4 34.Qxg4 Bxg4 35.Rg1  1-0

[Event "WJun"]
[Site "Puerto Madryn ARG"]
[Date "2009.10.25"]
[Round "5"]
[White "Leon Hoyos,M"]
[Black "Gallego Alcaraz,A"]
[Result "1-0"]
[WhiteElo "2516"]
[BlackElo "2404"]

1.e4 c5 2.Nf3 Nc6 3.Bb5 e6 4.O-O Nge7 5.c3 a6 6.Be2 d5 7.exd5 Nxd5 8.d4 cxd4
9.Nxd4 Bd7 10.Bf3 Be7 11.c4 Ndb4 12.Nb3 Ne5 13.Bxb7 Ra7 14.Be4 f5 15.a3 fxe4
16.Qh5+ Ng6 17.axb4 O-O 18.Nc3 Rf5 19.Qe2 Bxb4 20.Nxe4 Bc6 21.Ng3 Re5 22.Qg4 Rf7
23.Rxa6 Bb7 24.Ra7 Qb6 25.Be3 Qc6 26.Rxb7 Qxb7 27.c5 Ba3 28.Na5 Qxb2 29.Nc4 Qb3
30.Nxe5 Nxe5 31.Qe4 Qd5 32.Rb1 Nc4 33.c6 Nxe3 34.fxe3 Rc7 35.Rb8+ Bf8 36.Qxd5 exd5
37.Nf5 Ra7 38.Nd4  1-0

[Event "TCh-SLO East 1st League"]
[Site "Sentjur SLO"]
[Date "2009.10.25"]
[Round "4"]
[White "Kovac,M"]
[Black "Stavanja,M"]
[Result "1/2-1/2"]
[WhiteElo "2133"]
[BlackElo "2197"]

1.e4 c5 2.Nf3 Nc6 3.Bb5 g6 4.O-O Bg7 5.Re1 Nf6 6.c3 O-O 7.d4 cxd4 8.cxd4 d5
9.e5 Ne8 10.h3 Bf5 11.Bd3 Bxd3 12.Qxd3 Rc8 13.Qb5 Qa5 14.Qxa5 Nxa5 15.Nc3 Nc7
16.b3 Nc6 17.a3 Rfd8  1/2-1/2

[Event "24th GP Open A"]
[Site "Le Touquet FRA"]
[Date "2009.10.26"]
[Round "4"]
[White "Vovk,A"]
[Black "Loiseau,Q"]
[Result "1-0"]
[WhiteElo "2512"]
[BlackElo "2120"]

1.e4 c5 2.Nf3 Nc6 3.Bb5 d6 4.O-O Bd7 5.c3 a6 6.Ba4 b5 7.Bc2 e5 8.h3 Nf6 9.d4 Qc7
10.a4 Rb8 11.axb5 axb5 12.d5 Nd8 13.Be3 Be7 14.Nbd2 O-O 15.Nh2 Ne8 16.b4 c4
17.Ra7 Rb7 18.Ra5 g6 19.g4 Ng7 20.Qe2 f6 21.Rfa1 Nf7 22.Nhf1 Rfb8 23.Ng3 Rf8
24.Kh2 Kh8 25.Nf3 Rbb8 26.Nd2 Qb7 27.Ra7 Qc8 28.f4 Bd8 29.f5 g5 30.Qf2 h6
31.Kg2 Kh7 32.Bd1 Rh8 33.Be2 Rf8 34.Ngf1 Ne8 35.h4 Nc7 36.Nf3 Ra8 37.Rxa8 Nxa8
38.Ng3 Rh8 39.Nh5 Nc7 40.Bb6 Be7 41.Ra7 Ne8 42.Ba5 Bd8 43.Bxd8 Nxd8 44.Qb6 Rf8
45.Qxb5  1-0

[Event "24th GP Open A"]
[Site "Le Touquet FRA"]
[Date "2009.10.26"]
[Round "4"]
[White "Prost,F"]
[Black "Ikonnikov,Vy"]
[Result "0-1"]
[WhiteElo "2141"]
[BlackElo "2558"]

1.e4 c5 2.Nf3 Nc6 3.Bb5 g6 4.Bxc6 dxc6 5.d3 Bg7 6.h3 b6 7.Nc3 Nh6 8.Be3 f6
9.a4 a5 10.O-O e5 11.Nd2 Nf7 12.Qe2 O-O 13.Nc4 Be6 14.Rad1 Re8 15.Rfe1 Qc7
16.Qf1 Rad8 17.b3 f5 18.f4 Bxc4 19.bxc4 exf4 20.Bxf4 Nd6 21.e5 Nf7 22.e6 Ne5
23.Ne2 Rxe6 24.Rb1 Rde8 25.Bg3 Bf6 26.h4 Qd8 27.h5 Bh4 28.Qf2 Bxg3 29.Qxg3 Ng4  0-1

[Event "WJun"]
[Site "Puerto Madryn ARG"]
[Date "2009.10.26"]
[Round "6"]
[White "Li Chao2"]
[Black "Iturrizaga,E"]
[Result "1/2-1/2"]
[WhiteElo "2617"]
[BlackElo "2605"]

1.e4 c5 2.Nf3 Nc6 3.Bb5 d6 4.d4 cxd4 5.Qxd4 Bd7 6.Bxc6 Bxc6 7.Nc3 Nf6 8.Bg5 e6
9.O-O-O Be7 10.Rhe1 O-O 11.Kb1 Qa5 12.Qd2 Qc7 13.Nd4 Rfd8 14.f3 a6 15.g4 b5
16.h4 Bb7 17.h5 b4 18.Nce2 h6 19.Be3 e5 20.Nf5 d5 21.Bxh6 gxh6 22.Nxh6+ Kf8
23.Nf5 Ng8 24.h6 dxe4 25.Ned4 Rxd4 26.Nxd4 exd4 27.h7 Qe5 28.Rh1 e3 29.Qe1 Qh8
30.hxg8=Q+ Qxg8 31.Rxd4 Qg7 32.Rd7 Bxf3 33.Rf1 Bg2 34.Rg1 Qxg4 35.Rxe7 Kxe7
36.Qxe3+ Kf8 37.Qh6+ Ke7 38.Qe3+  1/2-1/2

[Event "17th TCh-Eur"]
[Site "Novi Sad SRB"]
[Date "2009.10.27"]
[Round "6"]
[White "Lupulescu,C"]
[Black "Johannessen,LE"]
[Result "1-0"]
[WhiteElo "2599"]
[BlackElo "2532"]

1.e4 c5 2.Nf3 Nc6 3.Bb5 g6 4.Bxc6 dxc6 5.d3 Bg7 6.h3 e5 7.Be3 Qe7 8.Qd2 Nf6
9.Qc3 Nd7 10.Nbd2 a5 11.a3 O-O 12.Nc4 a4 13.b3 axb3 14.cxb3 f5 15.Bg5 Qe6
16.Bc1 b5 17.Ncd2 Ba6 18.O-O b4 19.Qc2 fxe4 20.Nxe4 Qd5 21.Rd1 h6 22.Be3 bxa3
23.Rxa3 Bxd3 24.Rxd3 Qxe4 25.Nd2 Qf5 26.Rxa8 Rxa8 27.Qc4+ Kh7 28.g4 Ra1+
29.Kg2  1-0

[Event "8th TCh-Eur w"]
[Site "Novi Sad SRB"]
[Date "2009.10.27"]
[Round "6"]
[White "Majdan,J"]
[Black "Porat,Ma"]
[Result "1-0"]
[WhiteElo "2361"]
[BlackElo "2192"]

1.e4 c5 2.Nf3 Nc6 3.Bb5 g6 4.Bxc6 dxc6 5.d3 Bg7 6.Nc3 Nf6 7.h3 O-O 8.Be3 b6
9.Qd2 Re8 10.O-O Nd7 11.a4 a5 12.Nh2 Nf8 13.f4 f5 14.Rae1 Ne6 15.Nf3 Nd4
16.Kh1 Ba6 17.exf5 gxf5 18.Bxd4 cxd4 19.Ne2 c5 20.Ng3 Qd5 21.Nh5 Bf6 22.Qe2 c4
23.Nxf6+ exf6 24.Qxe8+ Rxe8 25.Rxe8+ Kf7 26.Rfe1 Qd7 27.dxc4 Bxc4 28.R1e7+ Qxe7
29.Rxe7+ Kxe7 30.Nxd4 Be6 31.Kg1 Bd7 32.b3 Kd6 33.Kf2 Kc5 34.Ke3 Bc8 35.Nf3 Bd7
36.Ne1 h5 37.g3 Bc6 38.Nd3+ Kd6 39.Kd4 Bg2 40.h4 Bc6 41.Nb2 Be8 42.Nc4+ Kc6
43.Ne3 Bg6 44.Nd5 Bf7 45.Nxf6 Kd6 46.c4 Kc6 47.Nd5 Be6 48.Ke5 Bd7 49.Ne7+ Kc5
50.Nxf5 Kb4 51.Nd4  1-0

[Event "17th TCh-Eur"]
[Site "Novi Sad SRB"]
[Date "2009.10.27"]
[Round "6"]
[White "Gunnarsson,J"]
[Black "Georgiev,Vl"]
[Result "1/2-1/2"]
[WhiteElo "2462"]
[BlackElo "2537"]

1.e4 c5 2.Nf3 Nc6 3.Bb5 g6 4.Bxc6 dxc6 5.d3 Bg7 6.h3 b6 7.Nc3 e5 8.Be3 Ne7
9.Qd2 h6 10.g4 Be6 11.O-O-O Qd7 12.Rhg1 O-O-O 13.b3 f6 14.Qe2 h5 15.Nd2 hxg4
16.hxg4 g5 17.a4 Ng6 18.a5 Nf4 19.Bxf4 exf4 20.Na4 Qd4 21.c3 Qxd3 22.Qxd3 Rxd3
23.axb6 axb6 24.Nxb6+ Kc7 25.Na4 Bf8 26.Kc2 Rd8 27.Nb2 Rh4 28.f3 Rh2 29.c4 Bd6
30.Nd3 Re2  1/2-1/2

[Event "17th TCh-Eur"]
[Site "Novi Sad SRB"]
[Date "2009.10.28"]
[Round "7"]
[White "Nedev,T"]
[Black "Kett,T"]
[Result "1/2-1/2"]
[WhiteElo "2511"]
[BlackElo "2238"]

1.e4 c5 2.Nf3 Nc6 3.Bb5 d6 4.O-O Bd7 5.c3 a6 6.Ba4 Nf6 7.Re1 b5 8.Bc2 e5
9.h3 Be7 10.d4 O-O 11.d5 Na7 12.a4 Qc7 13.Nbd2 Rab8 14.axb5 axb5 15.Nf1 Nc8
16.g4 Kh8 17.Ng3 Nb6 18.g5 Ng8 19.Nf5 Ra8 20.Rb1 Nc4 21.Nh2 Bd8 22.Ng4 g6
23.Ng3 Be7 24.f4 f6 25.gxf6 Nxf6 26.f5 gxf5 27.exf5 Nb6 28.Nxf6 Bxf6 29.Kh2 Be8
30.Bh6 Rg8 31.Qd2 Bf7 32.Ne4 Qe7 33.Nxf6 Qxf6 34.Rg1 Bxd5 35.Bg5 Qf7 36.Qf2 Nd7
37.Qh4 e4 38.Rbd1 Raf8 39.Rgf1 Ne5 40.Rxd5 Qxd5 41.Bxe4 Qf7 42.Be7 d5 43.Bh1 Nd7
44.Bxf8 Rxf8 45.Qf4 Nf6 46.Qd6 c4 47.Re1 Re8 48.Rxe8+ Nxe8 49.Qe5+ Nf6 50.Bxd5 Qxd5
51.Qxf6+ Kg8 52.Qg5+ Kf7 53.Qh5+ Kf6 54.Qh6+ Kxf5 55.Qxh7+ Kf6 56.Qh6+ Ke7
57.Qe3+ Kd7 58.Kg3 Qd6+ 59.Kf3 Qh2 60.Qd4+ Kc6 61.Qf6+ Kb7 62.Qg7+ Ka6 63.Qg2 Qd6
64.Qe2 Qf6+ 65.Kg3 Qg5+ 66.Kh2 Qf4+ 67.Kh1  1/2-1/2

[Event "24th GP Open A"]
[Site "Le Touquet FRA"]
[Date "2009.10.29"]
[Round "8"]
[White "Grover,S"]
[Black "Kieffer,C"]
[Result "1-0"]
[WhiteElo "2288"]
[BlackElo "2109"]

1.e4 c5 2.Nf3 Nc6 3.Bb5 Nf6 4.Nc3 Qc7 5.Qe2 e5 6.Nd5 Nxd5 7.exd5 Nd4 8.Nxd4 cxd4
9.f4 Bd6 10.Bd3 O-O 11.f5 e4 12.Bxe4 Bxh2 13.Qh5 Bg3+ 14.Kd1 h6 15.f6 Qe5
16.Qf3 d3 17.Bxd3 Re8 18.c3 d6 19.Kc2 Bd7 20.b3 b5 21.Bb2 Rac8 22.Raf1 Rc5
23.Rh5 g5 24.Rxh6 Rxd5 25.Rh8+  1-0

[Event "24th GP Open A"]
[Site "Le Touquet FRA"]
[Date "2009.10.29"]
[Round "8"]
[White "Platel,Al"]
[Black "Roy Chowdhury,S"]
[Result "0-1"]
[WhiteElo "2244"]
[BlackElo "2436"]

1.e4 c5 2.Nf3 Nc6 3.Bb5 Qb6 4.Nc3 e6 5.Bxc6 Qxc6 6.d4 cxd4 7.Nxd4 Qc7 8.O-O a6
9.Re1 d6 10.Bg5 Be7 11.Qd2 Nf6 12.Nf5 exf5 13.exf5 O-O 14.Rxe7 Qxe7 15.Re1 Qxe1+
16.Qxe1 Re8 17.Qd2 Ne4 18.Nxe4 Rxe4 19.f3 Re8 20.f6 Bf5 21.g4 Bg6 22.Bh6 Rac8
23.c3 gxf6 24.f4 Rc4 25.h3 Bb1 26.Qxd6 Rc6 27.Qd7 Rec8 28.Kh2 Bxa2 29.Qd4 Bb1
30.g5 Re8 31.gxf6 Rce6 32.Qg1+ Bg6 33.f5 Re2+ 34.Kg3 Bxf5 35.Kf3+ Bg6 36.Bf4 Kh8
37.Qg5 Rxb2 38.Qh6 Rg8 39.Bd6 Rb5 40.Ke2 Rh5 41.Qe3 Bf5 42.Qe7 Be6 43.Qxb7 Rxh3
44.Qb4 Rh5 45.Bf8 Rh2+ 46.Kf3 Bd5+ 47.Ke3 Rh3+ 48.Kd4 Rg4+ 49.Kxd5 Rxb4 50.Bxb4 a5  0-1

[Event "24th GP Open A"]
[Site "Le Touquet FRA"]
[Date "2009.10.29"]
[Round "8"]
[White "Riff,JN"]
[Black "Ikonnikov,Vy"]
[Result "1-0"]
[WhiteElo "2501"]
[BlackElo "2558"]

1.e4 c5 2.Nf3 Nc6 3.Bb5 g6 4.O-O Bg7 5.c3 Nf6 6.d4 Nxe4 7.d5 Nb8 8.Re1 Nf6
9.d6 e6 10.Bf4 b6 11.a4 Bb7 12.Na3 O-O 13.h3 Nd5 14.Bg5 f6 15.Bd2 Nc6 16.Be2 a6
17.Nc4 b5 18.Na3 b4 19.Nc4 Na5 20.Nxa5 Qxa5 21.c4 Nb6 22.Be3 Bxf3 23.Bxf3  1-0

[Event "8th TCh-Eur w"]
[Site "Novi Sad SRB"]
[Date "2009.10.29"]
[Round "8"]
[White "Khukhashvili,S"]
[Black "Videnova,I"]
[Result "1-0"]
[WhiteElo "2451"]
[BlackElo "2307"]

1.e4 c5 2.Nf3 Nc6 3.Bb5 Nf6 4.Bxc6 dxc6 5.d3 Bg4 6.h3 Bh5 7.g4 Bg6 8.Nbd2 Qc7
9.Qe2 e5 10.Nc4 Nd7 11.a4 f6 12.Bd2 a5 13.Nh4 Bf7 14.g5 b6 15.gxf6 gxf6 16.Nf5 O-O-O
17.Nce3 h5 18.h4 Nb8 19.O-O-O Na6 20.d4 Kb7 21.dxe5 fxe5 22.Nc4 Rd4 23.Nxd4 cxd4
24.Bg5 Nc5 25.Rhe1 b5 26.axb5 cxb5 27.Na3 d3 28.Rxd3 b4 29.Nb5 Qc6 30.Rf3 Nb3+
31.Kb1 Bc4 32.Qd1 Nc5 33.Rxf8 Rxf8 34.Nd6+  1-0

[Event "Open"]
[Site "Liberec CZE"]
[Date "2009.10.30"]
[Round "8"]
[White "Zeberski,J"]
[Black "Szumilas,Pi"]
[Result "1/2-1/2"]
[WhiteElo "2400"]
[BlackElo "2109"]

1.e4 c5 2.Nf3 Nc6 3.Bb5 d6 4.O-O Bd7 5.c3 Nf6 6.Re1 a6 7.Ba4 b5 8.Bc2 e5
9.h3 Be7 10.d4 O-O 11.d5 Na5 12.b3 Qc7 13.Nbd2 c4 14.Nf1 Nb7 15.Bd2 a5 16.b4 axb4
17.cxb4 Ra6 18.Re3 Rfa8 19.a3 Bd8 20.N3h2 Qb6 21.Ng3 Qa7 22.Rf3 Ne8 23.Ng4 Bb6
24.Nf5 Nd8 25.Qe2 f6 26.Ngh6+ Kh8 27.Nxg7 Kxg7 28.Rg3+ Kf8 29.Ng8 Bxf2+ 30.Qxf2 Qxf2+
31.Kxf2 Nf7 32.Ke2 Nh8 33.Rf1 Ng6 34.Nxf6 Nxf6 35.Rxf6+ Kg7 36.Rff3 h5 37.Bc1 R6a7
38.Rg5 Rh8 39.Kd1 h4 40.g3 Be8 41.gxh4 Rxh4 42.Bd2 Rh8 43.Be1 Bf7 44.h4 Kh6
45.Rf6 Rd7 46.Bd2 Kg7 47.Rf1 Rxh4 48.Kc1 Rh3 49.Kb2 Ra7 50.Ra1 Rh2 51.Bc1 Ra8
52.Rg3 Rf2 53.Be3 Rh2 54.Bb6 Ra6 55.Bc7 Rh8 56.a4 Rc8 57.Ba5 bxa4 58.Bxa4 Kf6
59.Bc6 Be8 60.b5 Bxc6 61.dxc6 Raa8 62.c7 Rxa5 63.Rxa5 Rxc7 64.b6 Rb7 65.Rb5 Nf8
66.Rf3+ Ke7 67.Ra3 Kd7 68.Ra7 Kc6 69.Rxb7 Kxb7 70.Rd5 Kc6 71.b7 Nd7 72.Rd1 Kxb7
73.Rxd6 Nc5 74.Kc2 Kc7 75.Rd5 Nxe4 76.Rxe5 Nd6 77.Kc3 Kc6 78.Kd4 Nb5+ 79.Kxc4 Nd6+
80.Kb4 Nb7 81.Kc4 Nd6+ 82.Kd4 Nb5+ 83.Kd3 Nd6 84.Rh5 Nb5 85.Ke4 Nc3+ 86.Ke5 Kc5
87.Rh4 Nb5 88.Rh1 Nc3 89.Rh8 Kc4 90.Rh3 Nb5 91.Rh4+ Kc5 92.Rh5 Nc3 93.Rh8 Kc4
94.Rc8+ Kd3 95.Rc7 Ne2 96.Rd7+ Ke3 97.Rc7 Kd3 98.Rh7 Nc3 99.Rh3+ Kc4 100.Re3 Nb5
101.Re1 Nc3 102.Kf4 Kd4 103.Re8 Nd5+ 104.Kf5 Ne3+ 105.Ke6 Ke4 106.Kd6+ Kd4
107.Rh8 Nc4+ 108.Ke6 Kc5 109.Rh4 Nb6 110.Rh1 Nc4 111.Rd1 Ne3 112.Rh1 Nc4
113.Rc1 Kd4 114.Rd1+ Ke4  1/2-1/2